书目信息 |
| 题名: |
实验影像
|
|
| 作者: | 柯蒂斯 著 ;孙萌 , 闫亢 , 伏洋颖 译 | |
| 分册: | ||
| 出版信息: | 北京 机械工业出版社 2024.09 |
|
| 页数: | 320页 | |
| 开本: | 21cm | |
| 丛书名: | 艺术与科技实验室译丛 | |
| 单 册: | ||
| 中图分类: | J931 | |
| 科图分类: | ||
| 主题词: | 电影摄影艺术 | |
| 电子资源: | ||
| ISBN: | 978-7-111-76217-1 | |
| 000 | 01224nam0 2200301 450 | |
| 001 | 013214272 | |
| 005 | 20251022200613.53 | |
| 010 | @a978-7-111-76217-1@dCNY98.00 | |
| 100 | @a20241031d2024 em y0chiy0120 ea | |
| 101 | 1 | @achi@ceng |
| 102 | @aCN@b110000 | |
| 105 | @aa z 000yy | |
| 106 | @ar | |
| 200 | 1 | @a实验影像@9shi yan ying xiang@e艺术家电影@dWorld of art@eartists' film@f(英)大卫·柯蒂斯(David Curtis)著@g孙萌,闫亢,伏洋颖译@zeng |
| 210 | @a北京@c机械工业出版社@d2024.09 | |
| 215 | @a320页@c图,照片@d21cm | |
| 225 | 1 | @a艺术与科技实验室译丛 |
| 330 | @a本书记录了从20世纪初到现在的艺术家对电影制作的迷恋,展示了活动影像的另类历史。从费尔南·莱热、吉加·维尔托夫、史蒂芬和弗朗西斯卡·特默森等早期先驱,到包括史蒂夫·麦奎因、塔西塔·迪恩和弗朗西斯·埃利斯在内的当代主要艺术家,作者描述了受电影媒介启发的众多鲜活个人。 | |
| 461 | 0 | @12001 @a艺术与科技实验室译丛 |
| 510 | 1 | @aWorld of art@eartists' film@zeng |
| 606 | 0 | @a电影摄影艺术 |
| 690 | @aJ931@v5 | |
| 701 | 0 | @c(英)@a柯蒂斯@9ke di si@c(Curtis, David)@4著 |
| 702 | 0 | @a孙萌@9sun meng@4译 |
| 702 | 0 | @a闫亢@9yan kang@4译 |
| 702 | 0 | @a伏洋颖@9fu yang ying@4译 |
| 801 | 0 | @aCN@c20250910 |
| 905 | @a河南城建学院图书馆@dJ931@eK366@ZK366@f1 | |
| 实验影像:艺术家电影=World of art:artists' film/(英)大卫·柯蒂斯(David Curtis)著/孙萌,闫亢,伏洋颖译.-北京:机械工业出版社,2024.09 |
| 320页:图,照片;21cm.-(艺术与科技实验室译丛) |
| ISBN 978-7-111-76217-1:CNY98.00 |
| 本书记录了从20世纪初到现在的艺术家对电影制作的迷恋,展示了活动影像的另类历史。从费尔南·莱热、吉加·维尔托夫、史蒂芬和弗朗西斯卡·特默森等早期先驱,到包括史蒂夫·麦奎因、塔西塔·迪恩和弗朗西斯·埃利斯在内的当代主要艺术家,作者描述了受电影媒介启发的众多鲜活个人。 |
| ● |
| 相关链接 |
|
|
|
正题名:实验影像
索取号:J931/K366
 
预约/预借
| 序号 | 登录号 | 条形码 | 馆藏地/架位号 | 状态 | 备注 |
| 1 | 1635162 | 216351622 | 社科库309/309社科库 98排2列5层/ [索取号:J931/K366] | 在馆 |